书目信息 |
| 题名: |
生物化学与分子生物学
|
|
| 作者: | 宋方洲 主编 | |
| 分册: | ||
| 出版信息: | 北京 科学出版社 2014.2 |
|
| 页数: | 425页 | |
| 开本: | 29cm | |
| 丛书名: | ||
| 单 册: | ||
| 中图分类: | Q5 , Q7 | |
| 科图分类: | ||
| 主题词: | 生物化学--高等教育--教材 , 分子生物学--高等教育--教材 , 生物化学 , 分子生物学 | |
| 电子资源: | ||
| ISBN: | 978-7-03-039212-1 | |
| 000 | 01121nam0 2200325 450 | |
| 001 | 0400002375 | |
| 005 | 20171020180455.0 | |
| 010 | @a978-7-03-039212-1@dCNY69.00 | |
| 090 | @aQ5@bsfz | |
| 100 | @a20140429e20172014em y0chiy50 ea | |
| 101 | 0 | @achi |
| 102 | @aCN@b110000 | |
| 105 | @aa z 001yy | |
| 106 | @ar | |
| 200 | 1 | @a生物化学与分子生物学@9sheng wu hua xue yu fen zi sheng wu xue@f宋方洲主编 |
| 210 | @a北京@c科学出版社@d2014.2@h2017.1 | |
| 215 | @a425页@c图@d29cm | |
| 300 | @a普通高等教育“十二五”规划教材 供基础、临床、预防、口腔、护理、法医等医学类专业使用 | |
| 312 | @a封面英文题名:Biochemistry and molecular biology | |
| 330 | @a本书分五篇,分别为生物大分子的结构和功能、物质代谢及其调节、遗传信息传递及其调控、生物化学专题、分子生物学专题。 | |
| 510 | 1 | @aBiochemistry and molecular biology@zeng |
| 606 | 0 | @a生物化学@x高等教育@j教材 |
| 606 | 0 | @a分子生物学@x高等教育@j教材 |
| 606 | 0 | @a生物化学 |
| 606 | 0 | @a分子生物学 |
| 690 | @aQ5@v5 | |
| 690 | @aQ7@v5 | |
| 701 | 0 | @a宋方洲@9song fang zhou@f(1956~)@4主编 |
| 801 | 0 | @aCN@bNLC@c20171020 |
| 905 | @b1026961-5@dQ5@f5@e235 | |
| 生物化学与分子生物学/宋方洲主编.-北京:科学出版社,2014.2(2017.1) |
| 425页:图;29cm |
| 普通高等教育“十二五”规划教材 供基础、临床、预防、口腔、护理、法医等医学类专业使用 |
| ISBN 978-7-03-039212-1:CNY69.00 |
| 本书分五篇,分别为生物大分子的结构和功能、物质代谢及其调节、遗传信息传递及其调控、生物化学专题、分子生物学专题。 |
| ● |
| 相关链接 |
|
|
|
|
正题名:生物化学与分子生物学
索取号:Q5/235
 
预约/预借
| 序号 | 登录号 | 条形码 | 馆藏地/架位号 | 状态 | 备注 |
| 1 | 1026961 | 210269617 | 第二样本阅览室/ [索取号:Q5/235] | 在馆 | |
| 2 | 1026962 | 210269626 | 第三借阅区/ [索取号:Q5/235] | 在馆 | |
| 3 | 1026963 | 210269635 | 第三借阅区/ [索取号:Q5/235] | 在馆 | |
| 4 | 1026964 | 210269644 | 第三借阅区/ [索取号:Q5/235] | 在馆 | |
| 5 | 1026965 | 210269653 | 密集书库-生命科学系/ [索取号:Q5/235] | 在馆 |